<?xml version="1.0" encoding="UTF-8"?>
<record
    xmlns:xsi="http://www.w3.org/2001/XMLSchema-instance"
    xsi:schemaLocation="http://www.loc.gov/MARC21/slim http://www.loc.gov/standards/marcxml/schema/MARC21slim.xsd"
    xmlns="http://www.loc.gov/MARC21/slim">

  <leader>01466cam a2200229   4500</leader>
  <controlfield tag="001">5921</controlfield>
  <datafield tag="010" ind1=" " ind2=" ">
    <subfield code="a">9725300483</subfield>
  </datafield>
  <datafield tag="021" ind1=" " ind2=" ">
    <subfield code="b">139095/99</subfield>
  </datafield>
  <datafield tag="090" ind1=" " ind2=" ">
    <subfield code="a">5921</subfield>
  </datafield>
  <datafield tag="100" ind1=" " ind2=" ">
    <subfield code="a">20211231d1999    m||y0pory5003    ba</subfield>
  </datafield>
  <datafield tag="200" ind1="1" ind2=" ">
    <subfield code="a">Blue Moon</subfield>
    <subfield code="f">Dominique Sigaud</subfield>
    <subfield code="g">trad. Clara Alvarez</subfield>
  </datafield>
  <datafield tag="210" ind1=" " ind2="9">
    <subfield code="a">Lisboa</subfield>
    <subfield code="c">Biz&#xE2;ncio</subfield>
    <subfield code="d">1999</subfield>
  </datafield>
  <datafield tag="215" ind1=" " ind2=" ">
    <subfield code="a">104, [1] p.</subfield>
  </datafield>
  <datafield tag="225" ind1="2" ind2=" ">
    <subfield code="a">Inferno</subfield>
    <subfield code="v">6</subfield>
  </datafield>
  <datafield tag="330" ind1=" " ind2=" ">
    <subfield code="a">Blue Moon, que &#xE9; um dos mais belos e estranhos livros da nova literatura francesa, &#xE9; tamb&#xE9;m um terr&#xED;vel libelo contra a pena de morte.
Aaron Robbins, um jovem negro, habitante de um dos Estados do Sul dos Estados Unidos da Am&#xE9;rica, violou e assassinou uma mulher. Uma mulher branca e loura. Detido durante cerca de vinte anos, sabe agora que vai morrer. o perd&#xE3;o, a sua &#xFA;ltima hip&#xF3;tese de sobreviv&#xEA;ncia, acaba de lhe ser negado.
Inicia-se ent&#xE3;o uma sucess&#xE3;o de flashes que pouco a pouco permitem reconstituir a vida do criminoso e os motivos do seu acto, e conduzem o leitor desde os meandros da sua torturada rela&#xE7;&#xE3;o com o pai at&#xE9; evoca&#xE7;&#xE3;o do desejo que o adolescente sentia perante as mulheres do Blue Moon e, finalmente, &#xE0;s derradeiras palavras que o condenado diz &#xE0; m&#xE3;e do seu filho, a &#xFA;nica mulher que verdadeiramente o amou...</subfield>
  </datafield>
  <datafield tag="606" ind1=" " ind2=" ">
    <subfield code="9">13</subfield>
    <subfield code="a">Literatura Estrangeira</subfield>
  </datafield>
  <datafield tag="675" ind1=" " ind2=" ">
    <subfield code="a">821.133.1-311.6"19"</subfield>
    <subfield code="v">BN</subfield>
    <subfield code="z">por</subfield>
  </datafield>
  <datafield tag="700" ind1=" " ind2=" ">
    <subfield code="a">Sigaud</subfield>
    <subfield code="b">Dominique</subfield>
    <subfield code="f">1959-</subfield>
    <subfield code="9">5609</subfield>
  </datafield>
  <datafield tag="702" ind1=" " ind2=" ">
    <subfield code="a">Alvarez</subfield>
    <subfield code="b">Clara</subfield>
    <subfield code="9">4185</subfield>
  </datafield>
  <datafield tag="801" ind1=" " ind2=" ">
    <subfield code="a">PT</subfield>
    <subfield code="b">BMVN</subfield>
    <subfield code="g">RPC</subfield>
  </datafield>
  <datafield tag="830" ind1=" " ind2=" ">
    <subfield code="c">In&#xEA;s Silva</subfield>
    <subfield code="d">31/12/2021</subfield>
  </datafield>
  <datafield tag="990" ind1=" " ind2=" ">
    <subfield code="c">LIVROS</subfield>
  </datafield>
  <datafield tag="995" ind1=" " ind2=" ">
    <subfield code="0">0</subfield>
    <subfield code="2">0</subfield>
    <subfield code="5">2025-08-06</subfield>
    <subfield code="9">6434</subfield>
    <subfield code="b">BMVN</subfield>
    <subfield code="f">100000021176</subfield>
    <subfield code="k">LE SIG/BLU</subfield>
    <subfield code="o">0</subfield>
    <subfield code="r">LIVROS</subfield>
    <subfield code="s"></subfield>
  </datafield>
</record>
